000 01815nam0a2200385 4500
001 RU\NLR\BIBL_A\011092964
005 20250625203924.0
010 _a978-5-8041-0833-6
_91000
021 _aRU
_b2016-21983
_91387
035 _a(NILC)RuMoRGB-008250647
035 _a(NLR Aleph) 011092964
090 _a11378325
_c11378325
100 _a20160401d2016 |||y0rusy50 ca
101 0 _arus
102 _aRU
105 _ay|||z|||000zy
200 1 _aАнтиСтариков - 2
_iПравда о русской революции от февраля до октября
_eгадит ли англичанка в России?
_fПетр Балаев
215 _a446, [1] с.
_d21
225 1 _aМифы и факты
300 _aНа 4-й с. обл. авт.: Петр Балаев, полк. в отставке
300 _aНа корешке загл.: Правда о русской революции от февраля до октября
333 _a16+
516 1 _aПравда о русской революции от февраля до октября
606 1 _aФевральская буржуазно-демократическая революция
_jПопулярные издания
_z1917
_91371335
_3RU\NLR\AUTH\66260730
606 1 _aВеликая Октябрьская социалистическая революция
_jПопулярные издания
_z1917
_9912483
_3RU\NLR\AUTH\6613825
675 _a94(47)
686 1 _aТ3(2)524.2я9
686 1 _aТ3(2)711я9
700 1 _7ca
_8rus
_aБалаев
_bП. Г.
_f1964-
_gПётр Григорьевич
_92648073
_3RU\NLR\AUTH\770276106
801 0 _aRU
_bРГБ
_c20160321
_gRCR
942 _cBOOK
980 _aNBR
980 _aNB